00321nam a2200121 a 4500008004100000020001500041050001600056100002300072245003200095260004100127300002200168350000900190120416s0000 ||||||||||||||||| || u a040800357X aNA 6218 Bed aBeddington, Nadine10aDesign for shopping centres aLondonbButterworth Scientificc1982 axiv, 177p. : ill. a0.00